00878cam a22001814a 4500020001500000040000800015082002600023245006900049260012700118300002900245490007000274500017300344650002400517650002700541700002100568700002000589710008700609 a2802720392 cDLC00a303 COM 2005 A072 Or.03aLa "société de l'information" entre mythes et réalités / aBruxelles :bAgence universitaire de la francophonie :bBruylant :bCommission nationale française pour l'UNESCO,c2005. a435 p. :bill. ;c24 cm.0 aCollection Médias, sociétés et relations internationales ; aPapers from a conference held Sept. 4-5, 2003 in Strasbourg under the auspices of the Centre d'études et de recherches interdisciplinaires sur les médias en Europe. 0aInformation society 0aInformation technology1 aMathien, Michel.1 aArnaud, Michel,2 aCentre d'études et de recherches interdisciplinaires sur les médias en Europe.